| 000 | 00576nam a22001817a 4500 | ||
|---|---|---|---|
| 003 | OSt | ||
| 005 | 20170105102938.0 | ||
| 020 | _a9977925364 | ||
| 040 | _a0 | ||
| 082 |
_a303.66 _bMIL 2005 |
||
| 100 | _aMiller, Christopher Allan | ||
| 245 |
_aA glossary of terms and concepts in peace and conflict studies _cChristopher Allan Miller; |
||
| 250 | _a2nd | ||
| 260 |
_aGeneva _bUniversity for Peace _c2005 |
||
| 300 |
_a112p.; _c24cm |
||
| 650 | _aPeace -- Glossaries, vocabularies, etc. Conflict management -- Glossaries, vocabularies,. Peace -- Terminology. | ||
| 942 |
_2ddc _cBK |
||
| 999 |
_c16348 _d16348 |
||